000 00706nam a2200193Ia 4500
003 GCL
008 140319s9999 xx 000 0 ara d
040 _aGCL /
_cGCL
082 0 4 _a418.02
_bج ص
100 1 _aجورج مدبك
245 1 0 _aصناعة الترجمة: كيف نترجم بحثا من ا- من الانجليزية الى العربية ب- من العربية الى الانجليزية /
_cجورج مدبك
260 _a[S.N] :
_bدار الراتب الجامعية
300 _aمتعددة
490 _aسلسلة سوفنير
_v0
650 0 4 _aالترجمة العربية
650 0 4 _aالترجمة
650 0 4 _aالترجمة الانجليزية
942 _2ddc
_cBK
999 _c33179
_d33179